000 00708nam a2200229Ia 4500
003 OSt
005 20220918191719.0
006 a|||||r|||| 00| 0
007 ta
008 220917b |||||||| |||| 00| 0 eng d
024 _a64,749
037 _cTextual
040 _aARTS
_cARTS
_beng
041 _2eng
_aeng
082 _aQ4:1k, N4.1-.2
245 0 _aEncylodia of Buddhist deities demigods, goldings, saints and demons with special focus on iconographic attributes by Fredrick W. Bunce
260 _aN.D
_bD K Printword
_c1993
490 _aEmerging perceptions in Buddhist studies; 1
650 _aRELIGION
942 _hQ4:1k, N4.1-.2
_cTEXL
_2CC
999 _c191116
_d191116